000 00233nam a2200097Ia 4500
001 684492
005 20250826161458.0
008 250824s9999 xx 000 0 und d
245 0 _aKENDİNİ BULMAK
_cİHSAN FAZLIOĞLU
260 _bKETEBE
999 _c684492
_d684492